| 000 | 00816pab a2200169 454500 | ||
|---|---|---|---|
| 008 | 180718b2006 xxu||||| |||| 00| 0 eng d | ||
| 100 | _aPrakash, Anjal | ||
| 245 | _aContending water uses: social undercurrents in a water-scarce village | ||
| 260 | _c2006 | ||
| 300 | _ap.577-79. | ||
| 362 | _a16 Feb | ||
| 520 | _aConditions of water scarcity have been aggravated in Vadali village of Gujarat due to persisting differences between higher castes, chiefly the ahirs, and those lower in the hierarchy such as the kolis and other dalit castes. Power relations are linked to social and economic hierarchy and the issue of resource inequity must be tackled through policy and advocacy measures. - Reproduced. | ||
| 650 | _aWater | ||
| 700 | _aSama, R.K. | ||
| 773 | _aEconomic and Political Weekly | ||
| 909 | _a68944 | ||
| 999 |
_c68944 _d68944 |
||